Chefs-d'ceuvre de l'art presente grands peintres : Hals

Salvato in:
Dettagli Bibliografici
Natura: Libro
Lingua:Undetermined
Pubblicazione: Paris 1966
Soggetti:
Tags: Aggiungi Tag
Nessun Tag, puoi essere il primo ad aggiungerne! !
Thư viện lưu trữ: Trung tâm Học liệu Trường Đại học Cần Thơ
LEADER 00419nam a2200157Ia 4500
001 CTU_111996
008 210402s9999 xx 000 0 und d
082 |a 759 
082 |b C515 
245 0 |a Chefs-d'ceuvre de l'art presente grands peintres : 
245 0 |b Hals 
260 |a Paris 
260 |c 1966 
650 |a Painting and paintings 
650 |z France 
980 |a Trung tâm Học liệu Trường Đại học Cần Thơ